00341nam a2200133Ia 4500008004100000082000800041100002600049245004000075250000600115260003300121300001700154500002400171650001200195230524s9999 xx 000 0 und d bBHA aIndrajit Bhattacharya 3aAn Approach to Communication Skills a1 aNew DelhibDhanpat raic2011 a"XXIV,253p;" aQuantity Number: 1 aEnglish